[Event "RM-2020-0-00206"]
[Site "LSS email"]
[Date "2020.04.08"]
[Round "?"]
[White "Eman, Juan"]
[Black "Enev, Zlatko"]
[Result "1/2-1/2"]
[WhiteElo "2218"]
[BlackElo "2314"]
[PlyCount "76"]
[EventDate "2020.03.10"]
[EventType "tourn (corr)"]
[EventRounds "6"]
[EventCountry "GER"]
[SourceTitle "Corr 2022"]
[Source "ChessBase"]
[SourceDate "2021.10.24"]
[SourceVersion "1"]
[SourceVersionDate "2021.10.24"]
[SourceQuality "1"]

1. e4 e5 2. Nf3 Nc6 3. Bb5 Nf6 4. 0-0 Bc5 5. Nxe5 Nxe5 6. d4 c6 7. dxe5 Nxe4 8. Bd3 d5 9. exd6 Nf6 10. Re1+ Be6 11. Nc3 Qxd6 12. Bg5 0-0-0 13. Bxf6 gxf6 14. Ne4 Qd5 15. Nxc5 Qxc5 16. Qf3 f5 17. Re3 Qd5 18. Qxd5 Rxd5 19. Rae1 b5 20. b3 a5 21. Rh3 h5 22. Rh4 b4 23. Kf1 Kc7 24. Rd1 Rd6 25. g3 Rdd8 26. Ke1 Bd5 27. Ra1 Rde8+ 28. Kd2 Rd8 29. Kc1 Rhe8 30. Rxh5 f4 31. Rb1 fxg3 32. hxg3 Kb6 33. Kb2 Rh8 34. Rf5 a4 35. Rd1 a3+ 36. Kc1 Be6 37. Rf4 c5 38. Rh4 Bd5 1/2-1/2

[Event "SM-2020-0-00422"]
[Site "LSS email"]
[Date "2020.03.22"]
[Round "?"]
[White "Misericordia, Antonio"]
[Black "Eman, Juan"]
[Result "1-0"]
[WhiteElo "2296"]
[BlackElo "2221"]
[PlyCount "75"]
[EventDate "2020.01.24"]
[EventType "tourn (corr)"]
[EventRounds "6"]
[EventCountry "GER"]
[SourceTitle "Corr 2022"]
[Source "ChessBase"]
[SourceDate "2021.10.24"]
[SourceVersion "1"]
[SourceVersionDate "2021.10.24"]
[SourceQuality "1"]

1. d4 Nf6 2. Nf3 e6 3. c4 d5 4. cxd5 exd5 5. Bf4 Ne4 6. Nc3 Bb4 7. Rc1 Bxc3+ 8. bxc3 g5 9. Be3 f5 10. Rc2 f4 11. Bc1 g4 12. Nd2 Nd6 13. g3 Bf5 14. Bg2 c6 15. gxf4 Nd7 16. c4 Bxc2 17. Qxc2 Nf6 18. h3 gxh3 19. Bxh3 Nxc4 20. Be6 Nxd2 21. Qxd2 Ne4 22. Qe3 Qa5+ 23. Kf1 Qc3 24. Rg1 Qxe3 25. Bxe3 h6 26. Rg7 Rd8 27. f5 Rf8 28. Bxh6 Rd6 29. f3 Rf6 30. Bc1 Nc3 31. Rg8+ Rf8 32. Rg6 Nb5 33. a4 Nxd4 34. Ba3 Rxe6 35. fxe6 Rh8 36. Rg7 Nxe6 37. Re7+ Kd8 38. Rxe6 1-0